<?xml version="1.0" encoding="UTF-8"?>
<marc:record xmlns:marc="http://www.loc.gov/MARC21/slim">
   <marc:leader>00000nam a2200000 a 4500</marc:leader>
   <marc:datafield ind1="1" ind2=" " tag="100">
      <marc:subfield code="a">Haupt, Christine</marc:subfield>
      <marc:subfield code="4">aut</marc:subfield>
      <marc:subfield code="e">Verfasser/-in</marc:subfield>
   </marc:datafield>
   <marc:datafield ind1=" " ind2=" " tag="653">
      <marc:subfield code="a">München / Jakobsweg</marc:subfield>
   </marc:datafield>
   <marc:datafield ind1="0" ind2="0" tag="245">
      <marc:subfield code="a">Jakobsweg München - Lindau</marc:subfield>
   </marc:datafield>
   <marc:datafield ind1="0" ind2="0" tag="245">
      <marc:subfield code="b">mit Variante nach Bregenz</marc:subfield>
   </marc:datafield>
   <marc:datafield ind1="0" ind2="0" tag="245">
      <marc:subfield code="c">Haupt, Christine</marc:subfield>
   </marc:datafield>
   <marc:datafield ind1=" " ind2="1" tag="264">
      <marc:subfield code="a">Welver</marc:subfield>
      <marc:subfield code="b">Conrad Stein Verlag</marc:subfield>
      <marc:subfield code="c">2015</marc:subfield>
   </marc:datafield>
   <marc:datafield ind1="1" ind2=" " tag="490">
      <marc:subfield code="a">Outdoorhandbuch</marc:subfield>
      <marc:subfield code="v">187 : Der Weg ist das Ziel</marc:subfield>
   </marc:datafield>
   <marc:datafield ind1=" " ind2=" " tag="250">
      <marc:subfield code="a">4., überarbeitete Aufl.</marc:subfield>
   </marc:datafield>
   <marc:datafield ind1="1" ind2=" " tag="520">
      <marc:subfield code="a">Um es gleich vorwegzunehmen: Einen eigentlichen Jakobsweg von München nach Lindau gab es im Mittelalter nicht. Die Pilger folgten meist den großen Handelsrouten, da sie hier Übernachtungsmöglichkeiten und Versorgungsstätten fanden. Sie pilgerten häufig von Kloster zu Kloster, weil ihnen hier Unterschlupf und eine warme Mahlzeit gewährt wurde und ein Pilger niemals abgewiesen werden durfte.&#xD;
Dieses Buch beschreibt den Weg von München bis nach Lindau am Bodensee, wie er von einer privaten Initiative seit 2003 anhand von historischen Reiseberichten rekonstruiert und beschildert wurde. Die großen Handelsstraßen, auf denen einst die Pilger wanderten, sind heute häufig befahrene Autostraßen und somit als Wege für Pilger nicht mehr geeignet.&#xD;
Die Planer des Münchner Jakobsweges orientierten sich deshalb an Orten, bei denen eine historische Beziehung zum Jakobuskult nachgewiesen werden konnte und verbanden diese durch Wege, die abseits des Straßenlärms liegen. Dabei kam ihnen auch das vorbildliche bayerische Fernwandernetz zur Hilfe. Und so wandert der Pilger idyllisch durch Wälder und Wiesen, vorbei an sehenswerten Klosteranlagen und Wallfahrtskirchen auf Wegen wie dem König-Ludwig-Wanderweg oder dem Prälatenweg. (Verlagstext)</marc:subfield>
   </marc:datafield>
   <marc:datafield ind1=" " ind2=" " tag="020">
      <marc:subfield code="a">9783866864863</marc:subfield>
      <marc:subfield code="9">9783866864863</marc:subfield>
   </marc:datafield>
   <marc:datafield ind1=" " ind2=" " tag="020">
      <marc:subfield code="a">3866864868</marc:subfield>
      <marc:subfield code="9">3866864868</marc:subfield>
   </marc:datafield>
   <marc:datafield ind1=" " ind2=" " tag="041">
      <marc:subfield code="a">ger</marc:subfield>
   </marc:datafield>
   <marc:datafield ind1=" " ind2=" " tag="300">
      <marc:subfield code="b">Illustrationen, Karten</marc:subfield>
   </marc:datafield>
   <marc:datafield ind1="0" ind2=" " tag="490">
      <marc:subfield code="v">187 : Der Weg ist das Ziel</marc:subfield>
   </marc:datafield>
   <marc:datafield ind1=" " ind2=" " tag="338">
      <marc:subfield code="a">Band</marc:subfield>
   </marc:datafield>
   <marc:datafield ind1=" " ind2=" " tag="300">
      <marc:subfield code="a">160 S.</marc:subfield>
   </marc:datafield>
</marc:record>
